000 00797nam a2200205Ii 4500
003 JO-AjNU
008 230605s9999||||xx |||||||||||||| ||und||
040 _aJO-AjNU
_bara
_erda
_cJO-AjNU
041 _aara
050 1 4 _aPJ7661.A2248 1988
100 3 _aتأليف عبدالله،عبدالله سرور ؛ م.مشارك محمد مصطفى هلارة,
_eauthor
_920871
245 0 0 _aالشعر العربي الحديث، ج1
264 3 1 _aالإسكندرية:مؤسسة شباب الجامعة،1988
300 _aج1، 118ص
336 _atext
_btxt
_2rdacontent
337 _aunmediated
_bn
_2rdamedia
338 _avolume
_bnc
_2rdacarrier
490 0 _aسلسلة تاريخ الأدب العربي 6
650 4 _aالشعر العربي الحديث - القرن العشرين
_920872
999 _aA7154
_c10722
_d10722